00234nam a2200085Ia 4500001000800000005001700008008004100025245005100066260003100117116306520250827011656.0250824s9999 xx 000 0 und d 0aBENDEN BİR TANE DAHA OLSAcPETER H. REYNOLDS bALTIN KİTAPLAR YAYINLARI